000 01758cam a22003014a 4500
005 20250605164408.0
008 250528s ||||||||||||||||||||||||d
035 _a24892
020 _a9789606802775
040 _aGR-AtMCL
_bgre
_dGR-AtMCL
_eAACR2
245 1 _aΟρθοπαιδική Αποκατάσταση στην Κλινική Π΄ραξη / Με Βιβλιογραφική Τεκμηρίωση: Δεύτερη Ελληνική Έκδοση
250 _a
260 _bΚωνσταντάρας,
_c2015
300 _a588
520 _aΕφαρμόστε τις πιο αποτελεσματικές τεχνικές αποκατάστασης ακολουθώντας τα σύγχρονα και τεκμηριωμένα πρωτόκολλα για τις πιο συνηθισμένες αθλητικές κακώσεις και μετεγχειρητικές καταστάσεις. Κακώσεις του Χεριού και του Καρπού, Κακώσεις του Αγκώνα, Κακώσεις του Ώμου, Κακώσεις του Γόνατου, Κακώσεις της Ποδοκνημικής και του Άκρου Ποδιού, Το Αρθρητικό Κάτω Άκρο, Ειδικά Θέματα, Παθήσεις Σπονδυλικής Στήλης, Γλωσσάρι, Ευρετήριο.
700 1 _aBrotzman Brent S
_99638
700 1 _aManske Robert C
_99639
700 1 _aΓεωργούδης Γ
_99572
700 1 _aΚούτρας Γ
_99573
700 1 _aΜπίλλη Ε
_99574
700 1 _aΣτριμπάκος Ν
_99576
700 1 _aΤρίγκας Π
_99640
700 1 _aΤσέπης Η
_99577
700 1 _aΦουσέκης Κ
_99578
942 _cBK
999 _c9727
_d9727